000 00679nam a2200253 a 4500
999 _c255
_d255
001 255
003 BD-JhCC
005 20171003103517.0
008 031017s1993 tnua b a 000 0 eng
020 _a0840767447
035 _a(BD-JhCC)255
040 _aDLC
_cDLC
_dDLC
041 _aeng
050 0 0 _aHD57.7
_b.M394 1993
082 0 0 _a658.4/092
_220
_bMAX 1993
100 1 _aMaxwell, John C.,
_d1947-
245 1 0 _aDeveloping the leader within you /
_cJohn. C. Maxwell.
260 _aNashville :
_bT. Nelson,
_cc1993.
300 _a178 p. :
_bill. ;
_c22 cm.
504 _aIncludes bibliographical references.
650 0 _aLeadership.
942 _2ddc
_cBK